Garaga - kuchipudi nriiyalalo janapada - sastriya nrityaamshyala parisheelana (Record no. 1434848)

MARC details
000 -LEADER
fixed length control field 00697nam a22002177a 4500
005 - DATE AND TIME OF LATEST TRANSACTION
control field 20250822170638.0
008 - FIXED-LENGTH DATA ELEMENTS--GENERAL INFORMATION
fixed length control field 250822b |||||||| |||| 00| 0 eng d
037 ## - SOURCE OF ACQUISITION
Terms of availability TB
040 ## - CATALOGING SOURCE
Original cataloging agency CRL
Transcribing agency CRL
041 ## - LANGUAGE CODE
Source of code eng
Language code of text/sound track or separate title eng
Language code of original tel
084 ## - COLON CLASSIFICATION NUMBER
Classification number NS 35Q7
Assigning agency CRL
100 ## - MAIN ENTRY--PERSONAL NAME
Personal name Devi, K. Nirmala
9 (RLIN) 818680
245 ## - TITLE STATEMENT
Title Garaga - kuchipudi nriiyalalo janapada - sastriya nrityaamshyala parisheelana
260 ## - PUBLICATION, DISTRIBUTION, ETC.
Place of publication, distribution, etc. Hydrabad, India:
Name of publisher, distributor, etc. Nirmala,
Date of publication, distribution, etc. 2017.
300 ## - PHYSICAL DESCRIPTION
Extent xvi, 204p.
365 ## - TRADE PRICE
Price amount 300.00
Currency code INR
650 ## - SUBJECT ADDED ENTRY--TOPICAL TERM
Topical term or geographic name entry element Dance
9 (RLIN) 36226
650 ## - SUBJECT ADDED ENTRY--TOPICAL TERM
Topical term or geographic name entry element Arts
942 ## - ADDED ENTRY ELEMENTS (KOHA)
Source of classification or shelving scheme Colon Classification (CC)
Koha item type Textbook
Classification part NS 35Q7
Suppress in OPAC No
Holdings
Withdrawn status Lost status Source of classification or shelving scheme Damaged status Not for loan Home library Current library Date acquired Source of acquisition Cost, normal purchase price Inventory number Total Checkouts Full call number Barcode Date last seen Price effective from Koha item type
    Colon Classification (CC)     Central Library Central Library 2025-08-22 Dr. K. Nirmala Devi 300.00 Gift   NS 35Q7 CL1699864 2025-08-22 2025-08-22 Textbook
Copyright @ Delhi University Library System